000 00720nam a22002537a 4500
003 DO-SdBPM
005 20250306092645.0
008 210426b2016 ch 00| 0 spa d
020 _a9787513810357
040 _aDO-SdBPM
_bspa
_cBPMSU
_erda
082 4 _a495.11
_bM593a 2016
_222
092 _a
245 0 0 _aMétodo avanzado de aprendizaje del vocabulario HSK
_c
260 _aRepública Popular, China :
_bSonolingua,
_c2016
_b
300 _a6 vs. :
_c23 cm.
500 _3
590 _aInventariado, 2025/VM
650 4 _aChino
_xAlfabeto.
650 4 _aEscritura china.
650 4 _xGramática.
_aChino
650 4 _aChino
_xEscritura
_v
910 _aVMateo V. Control de calidad. BPMSU
942 _2ddc
_cBK
999 _c14983
_d14983